[Event "US Amateur West-ch"]
[Site "Palo Verde"]
[Date "2010.05.29"]
[Round "2"]
[White "Wong, Kinsleigh P"]
[Black "Orlowski, Jesse N"]
[Result "0-1"]
[WhiteElo "1833"]
[BlackElo "1994"]
[PlyCount "78"]
[EventDate "2010.05.29"]
[EventType "swiss"]
[EventRounds "6"]
[EventCountry "USA"]
[SourceTitle "EXT 2014"]
[Source "ChessBase"]
[SourceDate "2013.11.20"]
[SourceVersion "1"]
[SourceVersionDate "2013.11.20"]
[SourceQuality "1"]

1. e4 c6 2. d4 d5 3. exd5 cxd5 4. Bf4 Nc6 5. c3 Bf5 6. Nf3 Nf6 7. Bd3 Bg6 8. 0-0 e6 9. Ne5 Bd6 10. Re1 Qc7 11. Na3 a6 12. Qc2 0-0 13. Nxg6 hxg6 14. Bxd6 Qxd6 15. Re3 Rac8 16. Qe2 Ne7 17. Re1 Qb6 18. Rh3 Rfe8 19. f3 Nh5 20. Qd2 Nc6 21. g4 Nf6 22. Qg5 Qxb2 23. Qh4 Kf8 24. Qh8+ Ke7 25. Qxg7 Rg8 26. Qh6 Rh8 27. Rxe6+ Kxe6 28. Qe3+ Kd7 29. Rxh8 Rxh8 30. Qf4 Qxa3 31. Qxf6 Qc1+ 32. Bf1 Qe3+ 33. Kh1 Rh7 34. h3 Qf2 35. Bg2 Qe1+ 36. Kh2 Qe7 37. Qf4 Qd6 38. Kg3 Qxf4+ 39. Kxf4 f6 0-1